000 00693nam a2200229 4500
003 OSt
005 20240607032658.0
006 a
008 240607b |||||||| |||| 00| 0 eng d
020 _a9716857238
040 _aDWCL-Main lib.
_cOC
082 _aFil. 371.1024 D168c 2010
100 _aDan˜ocup, O Briones
245 _aClassroom management. : preparing special education teachers /
260 _aQuezon City :
_bLorimar Pub. Inc. ,
_cc2010.
300 _aix,
_b178 p. : ill. ,;
_c26 cm.
504 _aIncludes bibliographical references .
650 _a1. Classroom Mangaement .
650 _a2. Teaching.
700 _aO Briones Dan˜ocup
942 _2ddc
_n0
_cBK - FIL
_kFil.
999 _c348
_d348